| 000 | 00571nam a22001697a 4500 | ||
|---|---|---|---|
| 003 | OSt | ||
| 005 | 20140311163000.0 | ||
| 008 | 130228t xxu||||| |||| 00| 0 eng d | ||
| 020 | _a9712344886 | ||
| 050 |
_aHF 5636 _b.G216 2006 |
||
| 100 |
_aGarcia, Percy C. _930752 |
||
| 245 |
_aBasic accounting concepts and procedures : _b the why and wherefore approach to learning accounting _cPercy C. Garcia, Benjamin Q. Mojar and Bienvenido A. Gemanil |
||
| 260 |
_aManila : _bRex Bookstore, _c2006. |
||
| 300 |
_a223 p. : _c22 cm. |
||
| 942 |
_2lcc _cBK _kBSA-FIL |
||
| 999 |
_c39182 _d39182 |
||